书目信息 |
| 题名: |
模拟法律诊所实验教程
|
|
| 作者: | 章武生, 主编 | |
| 分册: | ||
| 出版信息: | 北京 法律出版社 2013.03 |
|
| 页数: | 328页 | |
| 开本: | 23cm | |
| 丛书名: | ||
| 单 册: | ||
| 中图分类: | D920.0 | |
| 科图分类: | ||
| 主题词: | 法律--fa lu^--中国--高等学校--教材 | |
| 电子资源: | ||
| ISBN: | 978-7-5118-4338-8 | |
| 000 | 01083nam0 2200265 450 | |
| 001 | 0100195260 | |
| 005 | 20201116113227.90 | |
| 010 | @a978-7-5118-4338-8@dCNY38.00 | |
| 100 | @a20130531d2013 em y0chiy50 ea | |
| 101 | 0 | @achi |
| 102 | @aCN@b110000 | |
| 105 | @ay z 000yy | |
| 106 | @ar | |
| 200 | 1 | @a模拟法律诊所实验教程@Amo ni fa lu zhen suo shi yan jiao cheng@f章武生主编@Fzhang wu sheng zhu bian |
| 210 | @a北京@c法律出版社@d2013.03 | |
| 215 | @a328页@d23cm | |
| 300 | @a复旦大学985三期整体推进社会科学研究重大项目 “维护社会公平正义的司法制度建设研究”阶段性成果 | |
| 330 | @a本书共分10章, 前七章为诉讼方面的案例训练, 包括民事诉讼中的知识产权纠纷、损害赔偿纠纷、合伙纠纷、不当得利纠纷、服务合同纠纷, 以及刑事诉讼和行政诉讼案件的诉讼全过程训练 ; 后三章为非诉讼方面的案例训练, 包括起草、审阅和修改合同训练。 | |
| 540 | @a模拟法律诊所实验教程 | |
| 606 | 0 | @a法律@Afa lu^@y中国@x高等学校@j教材 |
| 690 | @aD920.0@v5 | |
| 701 | 0 | @a章武生,@Azhang wu sheng@f1954.11-@4主编 |
| 801 | @aCN | |
| 901 | @a18 | |
| 905 | @eZ267@dD920.0@a河南城建学院图书馆@b1275178-80@f3 | |
| 模拟法律诊所实验教程/章武生主编.-北京:法律出版社,2013.03 |
| 328页;23cm |
| 复旦大学985三期整体推进社会科学研究重大项目 “维护社会公平正义的司法制度建设研究”阶段性成果 |
| ISBN 978-7-5118-4338-8:CNY38.00 |
| 本书共分10章, 前七章为诉讼方面的案例训练, 包括民事诉讼中的知识产权纠纷、损害赔偿纠纷、合伙纠纷、不当得利纠纷、服务合同纠纷, 以及刑事诉讼和行政诉讼案件的诉讼全过程训练 ; 后三章为非诉讼方面的案例训练, 包括起草、审阅和修改合同训练。 |
| ● |
| 相关链接 |
|
|
|
正题名:模拟法律诊所实验教程
索取号:D920.0/Z267
 
预约/预借
| 序号 | 登录号 | 条形码 | 馆藏地/架位号 | 状态 | 备注 |
| 1 | 1275178 | 212751783 | 社科库509/509社科库 83排6列2层/ [索取号:D920.0/Z267] | 在馆 | |
| 2 | 1275179 | 212751790 | 社科库509/509社科库 83排6列2层/ [索取号:D920.0/Z267] | 在馆 | |
| 3 | 1275180 | 212751806 | 社科库509/509社科库 83排6列2层/ [索取号:D920.0/Z267] | 在馆 |